[Event "Cote D'Ivoire Rapid & Blitz"]
[Site "?"]
[Date "2019.05.08"]
[Round "2.3"]
[White "Nepomniachtchi, Ian"]
[Black "Carlsen, Magnus"]
[Result "0-1"]
[WhiteElo "2776"]
[BlackElo "2867"]
[EventDate "2019.??.??"]
[Annotator "Bojkov,Dejan"]
[PlyCount "94"]
[Beauty "7148570449488"]
[EventType "blitz"]

1.e4 c5 2.Nf3 Nc6 3.d4 cxd4 4.Nxd4 e5 5.Nb5 d6 6.N1c3 a6 7.Na3 Be7 8.g3 Nf6 9.Bg2 b5 ( {Black can also try:} 9...Bg4 10.Qd3 b5 11.Nd5 Nxd5 12.exd5 Nb8 13.c4 O-O 14.O-O Nd7 15.Be3 f5 {as in Kulaots,K (2578)-Kovalevskaya,E (2462) Moscow 2016} ) 10.Nd5 Nxd5 $146 {A logical novelty. It is always good to get rid of such a powerful piece.} ( {Black also did well in the predecessor:} 10...h5 11.c4 h4 12.Be3 Rb8 13.cxb5 axb5 14.Rc1 Nxd5 15.Qxd5 Nb4 16.Qb3 Na6 17.Nxb5 O-O {in the game Blandon Villa,D (2212)-Gallego Alcaraz,A (2433) Bagre Antioquia 2014} ) 11.exd5 {Now Black plunges the hole on d5 and gets a nice kingside majority.} ( {White would like to keep control of the outpost, however} 11.Qxd5 Qc7 12.c3 Be6 {gives Black easy equality.} ) 11...Nb8 12.O-O ( {Sooner or later White will have to go for:} 12.c4 {This is the only way to play for the advantage. Then Carlsen would have most likely played:} 12...Nd7 $5 {as in the game. For example:} ( 12...Bd7 {does not make sense as Black cannot develop his pieces after} 13.O-O ) 13.cxb5 axb5 14.Nxb5 Ba6 15.Nc3 O-O {with ample compensation for a pawn a la Benko.} ) 12...Nd7 13.c4 O-O {Ignoring the "threat."} 14.cxb5 axb5 15.Nc2 {If anything, Nepomniachtchi will seize another power point in the enemy camp.} ( {The pawn is invincible:} 15.Nxb5 $2 Ba6 16.Qb3 Nc5 17.Qb4 Qb8 {and Black wins material on the pin.} ) 15...f5 16.Nb4 Bf6 17.Nc6 Qe8 18.a4 ( 18.Qb3 $2 {is an empty blow after} 18...Nc5 19.Qxb5 Ba6 ) 18...Nc5 {Apparently, the world champion is playing for more than equality.} ( {Which would have been easily achieved with:} 18...bxa4 19.Rxa4 Ba6 ) 19.Be3 Nxa4 20.Qc2 ( {After} 20.Qb3 f4 {is strong.} ) ( {Whereas:} 20.b3 {can be met with either:} 20...Nc3 ( {Or as in the game:} 20...f4 21.Bd2 Nb6 22.Rxa8 Nxa8 23.gxf4 ) 21.Qd2 Rxa1 22.Rxa1 b4 23.Nxb4 Nb5 {in both cases with unclear play.} ) 20...Bd7 21.b3 f4 {This resource is always there to help Black generate counterplay. The position is becoming extremely sharp now.} 22.bxa4 ( {In the light of what happened later a better continuation seemed:} 22.Bd2 $5 Nc5 23.Rxa8 Qxa8 24.gxf4 {when the generated central pressure compensates for the slight weakening of the white kingside.} ) 22...fxe3 23.axb5 Rxa1 24.Rxa1 Bg5 $1 {Activating sharpy at once.} ( {Weaker was:} 24...exf2+ 25.Qxf2 Bg5 26.Qe2 ) 25.b6 {Nepomniachtchi has huge expectations about the future of that pawn. But it turned out that the black passers are faster.} ( {A better chance was:} 25.f3 Bd8 26.Bf1 ( {Not} 26.Ra6 Bc8 ) 26...Bb6 27.Be2 {with mutual blockades.} ) 25...exf2+ 26.Kh1 ( {After} 26.Kf1 Bf5 {White has to sacrifice his queen:} 27.Qxf5 ( 27.Qe2 Qg6 $1 ) 27...Rxf5 {And suffer in the opposite-colored bishop ending after:} 28.b7 Rf8 29.b8=Q Qxb8 30.Nxb8 Rxb8 31.Kxf2 Rb2+ ) 26...Bc8 27.Rf1 Qf7 28.Qe2 e4 $1 {It is all about the speed of the passers.} ( {Preparatory moves like:} 28...Bh6 $5 {will provide White time to generate threats on his own:} 29.Na7 Bb7 30.Nc6 ) 29.h4 {This is where Nepomniachtchi went wrong.} ( {The bishop capture was not good neither:} 29.Bxe4 Bh3 30.Bg2 Bxg2+ 31.Kxg2 Qxd5+ {and Black wins.} ) ( {However:} 29.Qxe4 $1 Ba6 30.Qe6 Bxf1 31.Bxf1 Kh8 32.h4 {would have kept the game balanced. Both the passers would be controlled then and the extra exchange would not be much better than the white super-knight on c6.} ) 29...e3 30.hxg5 Re8 $3 {A very cool move. Carlsen first supports the passer and then wants to lift the blockade with either Bc8-a6! or Bc8-g4!} ( {The immediate:} 30...Ba6 {would mate in case of:} 31.Qxa6 ( {However, there was the devilish spoiler which Nepomniachtchi had obviously foreseen from afar:} 31.g6 $1 {Blocking the h-file.} 31...Bxe2 32.gxf7+ Rxf7 33.Ra1 g6 34.Nd4 Bc4 35.Ra8+ {when it is White who is close to winning.} ) 31...Qh5+ 32.Bh3 Qxh3# ) 31.Kh2 ( {If} 31.Bf3 Ba6 $1 {wins.} ) ( {Whereas:} 31.Ra1 {is refuted with:} 31...Bg4 32.Qxg4 e2 ) 31...Bg4 $1 {Lifts the blockade and promotes the pawn for free.} 32.Qxg4 e2 33.b7 ( {The last chance was connected with:} 33.Nd8 $1 exf1=Q 34.Bxf1 Rxd8 {although Black is much better here too.} ) 33...Qxb7 34.Rxf2 e1=Q {Here both players were playing with mere seconds left on the clock but those proved enough for the world champion to convert.} 35.Qf5 Qe3 ( 35...g6 36.Qf6 Qg7 {was easier.} ) 36.Rf3 Qe2 37.Nd4 ( {White could have made his opponent sweat with:} 37.g6 hxg6 38.Qxg6 Ra8 39.Qxd6 ) 37...Qe5 38.Qg4 Qbxd5 39.Nf5 Qde6 40.Qh5 Qg6 41.Qg4 h5 42.Qc4+ d5 43.Qb5 Qxg5 44.Qd7 h4 45.Rf1 hxg3+ 46.Kg1 g6 47.Bxd5+ Kh8 0-1

[Event "7th Armageddon"]
[Site "Stavanger NOR"]
[Date "2019.06.06"]
[Round "?"]
[White "Carlsen, Magnus"]
[Black "Grischuk, Alexander"]
[Result "1-0"]
[WhiteElo "2875"]
[BlackElo "2775"]
[EventDate "2019.??.??"]
[Annotator "Bojkov,Dejan"]
[PlyCount "67"]
[Beauty "8110374654477"]
[EventType "game"]
[EventCountry "NOR"]

1.d4 Nf6 2.c4 g6 3.Nc3 d5 4.cxd5 Nxd5 5.e4 Nxc3 6.bxc3 Bg7 7.Be3 c5 8.Rc1 Qa5 9.Qd2 O-O 10.Nf3 Bg4 11.d5 b5 ( {Grischuk has pleasant memories with this line. Five years back, in the same city, he managed to defeat a former world champion with the following sharp play:} 11...Nd7 12.c4 Qa3 13.Be2 Bxf3 14.Bxf3 Bd4 15.Bxd4 cxd4 16.O-O Ne5 17.Qxd4 Nxf3+ 18.gxf3 Qxf3 19.Rc3 Qe2 20.f4 Qxa2 21.f5 {Kramnik,V (2783)-Grischuk, A (2792) Stavanger 2014} ) 12.Be2 Nd7 13.O-O Bxf3 {Played after a lenghty thought. It was a surprise for Carlsen who was unaware if this was still preparation or not. \E2EurooeYou never know with him. He spends so much time but maybe he\E2EuroTMs still in his prep.\E2Euro\9D But he said it is "very risky strategically speaking" and the world champion was happy about his position.} ( {The immediate} 13...c4 {is met with} 14.Nd4 ) 14.Bxf3 c4 15.Be2 {The most natural play. The f-pawn is freed and White is ready to launch his kingside attack.} ( {Carlsen also considered the immediate:} 15.h4 ) 15...Rfd8 $146 {Surprisingly, this all had been played before.} ( 15...Qa3 16.f4 Nc5 17.e5 Rad8 18.Bf3 f6 19.e6 f5 20.Bd4 Bxd4+ 21.Qxd4 Nxe6 22.Qe5 {with huge complications in Kantorik,M (2289)-Hlas,J (2207) Zvolen 2000} ) 16.f4 Nb6 17.Bf3 Qa3 {Somehow he misplayed it as all his pieces ended up on the queenside, said later the world champion.} 18.h4 {After the game Grischuk said to Carlsen that he thought Black was just lost here.} ( {The Norwegian rejected} 18.e5 {as he did not want to calculate the possible captures on d5, for instance:} 18...Rab8 19.Bxb6 Rxb6 {"and I can no longer win with direct attack, and that's what I want." (Carlsen)} ) 18...e6 ( {There is no way Grischuk can block the coming storm.} 18...h5 {only pours fuel into the fire and:} 19.g4 hxg4 20.Bxg4 e6 21.h5 exd5 22.e5 {should be very bad for Black.} ) 19.h5 Na4 ( {After:} 19...b4 {White would simply ignore the c3 pawn and proceed with the kingside assault:} 20.hxg6 hxg6 21.f5 exf5 22.exf5 bxc3 23.Qf2 ) 20.hxg6 ( 20.f5 $5 ) 20...hxg6 21.f5 {Carlsen tries to open every single line and diagonal on the kingside.} 21...exf5 ( {If} 21...Nxc3 22.fxg6 fxg6 23.Bg4 Nxe4 24.Bxe6+ Kh7 25.Qe1 $1 {is strong for White.} ) ( {Grischuk is also in trouble after:} 21...Bxc3 22.Qf2 exf5 23.exf5 Rf8 24.Rxc3 $1 {with decisive threats on the dark squares for a change:} 24...Nxc3 ( {Or} 24...Qxc3 25.Bd4 Qd3 26.Qh4 ) 25.Bd4 {and mate will follow.} ) 22.exf5 Qd6 ( {Maybe Grischuk should have tried:} 22...Nxc3 23.fxg6 fxg6 {Then:} 24.Bg4 {Would give Black a chance to slow down the attack:} ( {Carlsen would need to find the strong continuation:} 24.d6 $1 Rxd6 25.Rxc3 $1 {when all the captures are not sufficient for Black:} 25...Qxc3 {drops a piece after:} ( {Whereas:} 25...Bxc3 26.Bd5+ Kh7 ( {Worse is:} 26...Kh8 27.Bd4+ Bxd4+ 28.Qxd4+ Kh7 29.Rf7+ Kh6 30.Qh4# ) 27.Rf7+ Bg7 28.Rxg7+ Kxg7 29.Qd4+ Rf6 30.Bxa8 Qd3 {might as well be lost for Black but he can keep on fighting.} ) 26.Qxc3 Bxc3 27.Bxa8 ) 24...Nxd5 25.Be6+ Kh7 26.Bxd5 Rxd5 $1 27.Qxd5 Qxe3+ {and Black is even better.} ) 23.Bf4 Qb6+ ( {White breaks through after:} 23...Be5 24.Bxe5 Qxe5 25.fxg6 fxg6 26.Bg4 Rxd5 27.Qh6 ) 24.Kh1 gxf5 25.d6 {Almost everything is ready for the final effort along the f-file.} 25...Rab8 26.Bd5 Nc5 27.Bg3 Ne6 {This loses prosaically.} ( {To a neat finish leads:} 27...Ne4 28.Bxe4 fxe4 29.Rxf7 $3 Kxf7 30.Qd5+ Kg6 31.Qxe4+ Kf7 32.Rf1+ Kg8 33.Qe6+ Kh7 34.Rf5 {with inevitable mate. One of those lines which clearly shows how useless the black pieces on the queenside are.} ) 28.Rxf5 Rxd6 29.Bxd6 Qxd6 30.Qe3 {Next Carlsen kept mounting pressure on the light squares until Grischuk's position collapsed:} 30...Qb6 31.Qf3 Rf8 32.Rf1 Nd8 33.Rh5 Qc7 34.Qe4 1-0

[Event "Grand Chess"]
[Site "Tours"]
[Date "2019.06.26"]
[Round "1.3"]
[White "So, Wesley"]
[Black "Ding, Liren"]
[Result "1-0"]
[WhiteElo "2754"]
[BlackElo "2805"]
[EventDate "2019.??.??"]
[Annotator "Bojkov,Dejan"]
[PlyCount "99"]
[Beauty "7010863032861"]
[EventType "team-tourn"]
[EventCountry "CRO"]

1.c4 e5 2.g3 Nf6 3.Bg2 Bc5 4.Nc3 c6 {"He surprised with this move, which I was not very familiar with." (So) What is interesting is that the American GM knew that Ding has used this opening against Carlsen in Stavanger, in one of the blitz games. He also remembered that Black did great there too.} 5.e3 O-O 6.Nge2 d5 7.cxd5 Nxd5 ( {Black avoids the creation of an isolated pawn after:} 7...cxd5 8.d4 ) 8.d4 exd4 9.Nxd5 cxd5 10.exd4 ( {The above-mentioned game of Ding saw:} 10.Nxd4 Nc6 11.Nxc6 bxc6 12.O-O Be6 13.Qc2 Qb6 14.b3 d4 {and Black held his own against the world champion, Carlsen,M (2843)-Ding,L (2791) Stavanger 2018} ) 10...Bb6 11.Nc3 Nc6 12.Be3 Be6 13.O-O Qd7 $146 {A novelty, and in my opinion, an inaccuracy.} ( {White also did not get much in a predecessor:} 13...Rc8 14.Qd3 Qd7 15.Rfd1 Rfe8 16.Qb5 Red8 {with approximate equality, Tozer,P (2141)-Holton,J (1918) Llandudno 2017} ) ( {However, a good alternative was:} 13...Qf6 $1 {With the idea to clear the d-pawns from the board. For example:} 14.Nxd5 ( 14.Bxd5 Rad8 {looks good for Black.} ) 14...Bxd5 15.Bxd5 {Now Black has three interesting moves:} 15...Bxd4 ( 15...Nxd4 $5 {also looks OK for the second player.} ) ( {Or} 15...Rad8 $5 16.Bxc6 bxc6 {when White cannot hold on to his extra pawn:} 17.Rc1 Bxd4 {and it should be approximately equal.} ) 16.Bxc6 Bxe3 17.Bxb7 {Temporary White is a pawn ahead but the activity of the black pieces allow him a chance to maintain the balance.} 17...Rad8 18.Qf3 Bd4 19.Qxf6 Bxf6 20.Rab1 Rd2 {with a draw.} ) 14.Na4 Rfd8 ( 14...Bc7 {allows} 15.Nc5 ) 15.Nxb6 axb6 16.Qb3 {White got something out of the opening. He has the bishop pair and the better pawn structure which puts the pressure on his opponent.} 16...Ra6 17.Rfc1 {The threat is Bg2-f1 to wipe out the queenside pawns.} 17...Bh3 18.Bf3 Bg4 19.Bg2 Bh3 20.Bf3 Bg4 {Ding is apparently OK with splitting the point, but the first round happened to be very, very fighting.} 21.Bh1 h5 {Overly optimistic. Black would regret later that this pawn ended there.} ( {It is not easy to spoil White's co-ordination:} 21...Na5 22.Qb4 Nc6 23.Qb5 ) ( {However:} 21...Qf5 $5 {deserved attention with the obvious idea to get rid of the enemy light-squared bishop. Most likely Ding disliked:} 22.f3 Bh3 23.Bf2 {and was afraid that his bishop will be left out of game, but he can always bring it back with something like:} 23...Qf6 ) 22.h4 Be2 ( {It was not too late for:} 22...Qf5 ) 23.Kh2 Qf5 24.Bg2 Na5 {"A bad move which allows me to consolidate with the bishop pair." (So)} ( {Instead he suggested that Ding should have grabbed the pawn with:} 24...Bc4 25.Qd1 {Now both captures seem possible, but in either case Black cannot be certain he will have his piece out:} 25...Rxa2 ( {In case of:} 25...Bxa2 26.b3 Rda8 27.Bf1 {Black can never win a pawn with:} 27...Bxb3 $2 {Due to:} ( {Therefore:} 27...Ra5 28.Rc3 {should be played but then again:} 28...Bxb3 $2 {loses to} 29.Rxa5 {With the bishop cut out of the game Black's position seems delicate, to say at least.} ) 28.Rxa6 Bxd1 29.Rxa8+ ) 26.Rxa2 Bxa2 27.Bh3 ( {Better than:} 27.b3 Na5 28.b4 ) 27...Qg6 28.b3 {Also blocks the bishop out. Then a typical line runs:} 28...Na5 29.Qf3 $1 Nxb3 30.Bf5 {gaining initiative on the kingside where White is practically two pieces up as both the black minor ones remained stuck on the opposite wing.} ) 25.Qc3 {Infiltration along the open file is White's main threat.} 25...Nc6 26.b3 {However, Black has other problems to deal with- both his light pieces lack stable squares.} 26...b5 ( {In case of:} 26...Rda8 27.a4 b5 {White would have most likely reacted with:} 28.axb5 Bxb5 29.Rxa6 Bxa6 ( 29...Rxa6 30.Qc5 {drops a pawn for Black.} ) 30.Ra1 {essentially tieing the black pieces up. Next the d5 pawn will suffer...} ) 27.Qd2 Bf3 ( {The bishop problems do not end after:} 27...Bd3 28.Rc3 Be4 29.f3 ) 28.Bf1 Rb6 {Puts the rook in an awkward position.} ( {Perhaps the last chance to put strong resistance was the pawn sacrifice after:} 28...Ra3 {Then Black can search for compensation on the light squares in the lines:} 29.Bxb5 Rda8 30.Bxc6 ( {Or} 30.Ba4 Be4 31.Qb2 Qf3 32.Rg1 R3xa4 33.bxa4 Ra7 ) 30...bxc6 {With the idea:} 31.Rxc6 Rxb3 ) 29.Bf4 $1 {Simple and strong. The threat of a bishop fork cannot be stopped without material losses.} 29...Rc8 ( {After:} 29...Qd7 30.Qc3 Be4 31.f3 Bf5 32.Qc5 {the b5 pawn drops.} ) 30.Rc3 Bg4 ( {Otr a skewer in case of:} 30...Be4 $2 31.Bh3 ) 31.f3 {The bishop is trapped. It is not yet over as Ding saw a combination from afar:} 31...b4 32.Rd3 Bxf3 33.Rxf3 Ne5 $1 {Black wins chunk of the material back.} 34.dxe5 Rc2 35.Rf2 Rxd2 36.Rxd2 {But it is not enough.;So managed to keep more material. Next he once again consolidates.} 36...Rc6 37.Bh3 Qg6 38.Rad1 Ra6 ( {Nothing changes:} 38...Rc2 39.Bg2 ) 39.Bg2 {Now it is over as the white pieces can coordinate their attacking aims.} 39...d4 40.Bxb7 Ra5 41.Rxd4 Rxa2+ 42.R1d2 Qb6 43.Rxa2 Qxd4 44.Rd2 Qc3 45.Bd5 Kf8 46.Bc4 Ke7 47.Bg5+ f6 48.exf6+ gxf6 49.Re2+ Kd7 50.Bd2 1-0

[Event "Grand Chess"]
[Site "Tours"]
[Date "2019.06.27"]
[Round "2.2"]
[White "Nepomniachtchi, Ian"]
[Black "Caruana, Fabiano"]
[Result "1-0"]
[WhiteElo "2775"]
[BlackElo "2819"]
[EventDate "2019.??.??"]
[Annotator "Bojkov,Dejan"]
[PlyCount "99"]
[Beauty "7011534146631"]
[EventType "team-tourn"]
[EventCountry "CRO"]

1.e4 c5 2.Nf3 Nc6 3.d4 cxd4 4.Nxd4 Nf6 5.Nc3 e5 {Yep. If you cannot beat it, use it. This might have been Caruana's thought when chosing Carlsen's own weapon from their London match.} 6.Ndb5 d6 7.Nd5 Nxd5 8.exd5 Nb8 9.a4 Be7 10.Bd2 $146 {A tricky novelty according to Nepomniachtchi. If Black plays well he will end up with a normal theoretical position, but otherwise he may land in trouble.} ( {A recent game of the world champion saw:} 10.Be2 O-O 11.O-O Nd7 12.Kh1 a6 13.Na3 Nc5 14.Nc4 a5 15.f4 exf4 16.Bxf4 f5 {and it eventually ended in a draw, Vachier Lagrave,M (2779)-Carlsen,M (2875) Stavanger 2019} ) 10...O-O 11.a5 a6 12.Na3 Nd7 ( 12...Bf5 $5 {might have been an improvement.} ) 13.Nc4 f5 14.Bb4 Rf6 {Apparently, this is what White was hoping for with the tricky move order.} ( {One point behind White's play is revealed after the natural:} 14...Nf6 {Then the small tactics:} 15.Nxe5 ( {Therefore} 15.Be2 {might be more accurate.} ) 15...dxe5 ( {But there is a curious counterblow:} 15...Be6 $3 {with the idea:} 16.dxe6 dxe5 17.Qxd8 Bxb4+ 18.Qd2 Bxd2+ 19.Kxd2 Rfd8+ {when Black is fine.} ) 16.d6 {looks excellent for White.} ) 15.Qd2 Rg6 16.g3 e4 17.h4 {"The rook on g6 is misplaced. Here I am just somewhat better." (Nepomniachtchi)} 17...b5 {The only way to create counterplay.} 18.axb6 Nxb6 19.Na5 Bd7 20.O-O-O {Nepomniachtchi regretted later that he allowed the black bishop easy access to the long diagonal. Indeed it seems as the move in the game is an inaccuracy. The most logical thing is to try and hide the king, but it was not safe on the queenside.} ( {Interesting was:} 20.Be2 {postponing the castling for the time being. After a possible:} 20...Bf6 21.h5 Rh6 22.c4 Be5 23.Ra3 $5 {White would first try to consolidate and think later on which side to hide his Majesty. It could be that he still uses the queenside and castle by hand, or it could be that he castles short. Or even by hand on the kingside. In either case White should be better.} ) 20...Bf6 21.Nc6 {White occupied some important squares with his pieces but his position is not yet stable enough.} ( {Here and on the next few move the d6 pawn is invincible:} 21.Bxd6 Bxb2+ ) 21...Qe8 ( 21...Qc7 $5 ) 22.Kb1 Kh8 23.h5 ( 23.Bxd6 Bxb2 ) ( {Perhaps White simply needed to retreat:} 23.Na5 ) 23...Rh6 24.Qe3 Na4 {Suddenly, Caruana creates all sort of threats.} 25.c3 Rxh5 26.Rxh5 Qxh5 27.Be2 Qe8 ( 27...Qf7 {"was the precise one to threaten Bd7xc6 followed by Qf7-b3" (Nepomniachtchi)} ) 28.Kc2 ( {Objectively better was:} 28.Bc4 Bxc6 29.dxc6 {"and protect slightly worse position" (Nepomniachtchi)} ) 28...h6 29.Qf4 {"A blunder." (Nepomniachtchi)} 29...a5 $1 {Apparently missed by White.} ( {It is not clear what did the Russian player intend to do after:} 29...Bxc6 30.dxc6 a5 31.Bxd6 Qxc6 32.Be5 Qb6 ) 30.Nxa5 ( 30.Bxa5 {drops a piece after} 30...Bxc6 ) ( {Whereas} 30.Bxd6 Bxc6 31.dxc6 Qxc6 32.Be5 Qb6 {transposes to the line from above when White is in trouble.} ) 30...Nxc3 {Flashy, but not optimal. Caruana opens the road for his pieces, but there was an easier way.} ( {The simple:} 30...Bb5 $1 {as recommended by White might have been even better. For example:} 31.Qe3 Nc5 32.Bxc5 dxc5 33.Nc6 ( 33.Ra1 Ba4+ ) 33...Ba4+ $1 34.b3 Bxc6 {and White is helpless.} ) 31.bxc3 Ba4+ 32.Kb1 Bxd1 33.Bxd1 Qb5 ( {Apparently both players saw the forcing line:} 33...Rxa5 34.Bxa5 Qb5+ 35.Bb4 Bxc3 36.Qxd6 Bxb4 37.Qc6 Qd3+ 38.Bc2 Qf1+ 39.Kb2 Qxf2 {and evaluated it as good drawing chances for White. Both the immediate:} 40.g4 ( {And the preliminary:} 40.Qc8+ Kh7 41.g4 {seem as White should be able to hold.} ) ) 34.Nb3 Bg5 $2 {In the approaching time-trouble Caruana starts to err.} ( {After the simple:} 34...Qxd5 35.Bc2 Rc8 36.Qxd6 Qxd6 37.Bxd6 Bxc3 {Black does not risk to loses. Although he does not risk to win much either.} ) 35.Qxf5 {Now all the three results are possible.} 35...Qf1 36.Qg4 Rf8 37.Kb2 Rxf2+ 38.Bc2 Qc4 $2 {Rejecting the draw once more, and this time for the bad.} ( {Nepomniachtchi saw the perpetual check after:} 38...Bc1+ 39.Nxc1 Qg2 40.Qc8+ Kh7 41.Kb1 Rxc2 42.Qf5+ {and felt relieved for not losing anymore. This is what Caruana should have chosen though.} ) 39.Qe6 {"This should be practically winning for White." (Nepomniachtchi)} 39...Bf6 40.Qxd6 Rxc2+ {Desperation.} ( {Most likely in the time-trouble Caruana missed the weird-lloking defense:} 40...Qe2 41.Na1 $1 {Then the white passer moves with ease, whereas Black can never advance his e-pawn under the threat of a back-rank checkmate.} ) 41.Kxc2 Qd3+ 42.Kb2 e3 43.Qe6 e2 44.Ka3 $1 {Unpinning the c-pawn and thus stopping the e-passer. It is over.} 44...Bg5 ( 44...Qd1 45.Qe8+ Kh7 46.Qe4+ g6 47.c4 ) 45.d6 Qa6+ 46.Kb2 Qd3 47.d7 Kh7 ( {Or} 47...Qd1 48.c4 Bf6+ 49.Ka3 ) 48.c4 Bf6+ 49.Ka3 Qc2 50.Qxf6 $1 1-0